000 00957nmc a2200313 a 4500
003 AR-BaBNM
005 20251128203703.0
008 047019s1965 ||||||||||||||000 | spa||
040 _cAR-BaBNM
100 1 _aHotyat, Fernando
245 1 0 _aLos exámenes
_blos medios de evaluación en la enseñanza
260 _aBuenos Aires
_bKapelusz
_c1965
300 1 _axviii, 226 p.
490 0 _aBiblioteca de cultura pedagógica
500 0 _aContiene apéndice con el régimen de exámenes en algunos países
504 _aBibliografía: p. 214-218
650 4 _aEXAMENES
650 4 _aEVALUACION
650 4 _aMETODOS DE EVALUACION
650 4 _aINSTRUMENTOS DE MEDICION
650 4 _aEVALUACION DEL ALUMNO
650 4 _aOBJETIVOS DE LA MEDICION
650 4 _aPRUEBAS DE RENDIMIENTO
650 4 _aPRUEBAS ESCOLARES
700 1 _aThomas, Juan Jorge
_etraductor
700 1 _aDel Olmo, Francisco
_eprologuista
942 _cBK
998 _cSILVI
999 _c4490
_d4490